000 00329nam a22001457a 4500
008 230206b ||||| |||| 00| 0 eng d
020 _a9780078025556
041 _aeng
080 _2EIGHTH EDITION
_a51
082 _a51LIB
100 _a20
101 _aMATE
245 _aFINANCIAL ACCOUNTING
_cLIBBY LIBBY
942 _2udc
_cBK
999 _c59298
_d59298